00832nam a22002177a 450000500170000001000150001702000260003203500140005803700130007208200130008524501500009826000350024827000680028330000310035150000190038270000140040170000280041594200280044399900190047195201240049020170811162638.0 aENG-119641 a9789386288004c820.00 aEN-103173 bDBAD/PUB a337.5904 aCelebrating the third decade and beyond :cedited by Prabir De [and] Suthiphand Chirathiavtbnew challenges to ASEAN-India economic partnership / aNew DelhibKW Publishersc2017 a4676/21, First Floor, Ansari Road, DaryaganjbNew Delhie110002 axii,280p.:c23cm(Hb)bill. aIncludes index aPrabir De a Chirathiavt,Suthiphand 2ddccENh337.59054mCEL c143307d143307 001040708NFICaCJbCJd2017-08-11eDBAD/PUBg820.00l0o337.59054 CELpEN-103173r2017-08-11 00:00:00t1v820.00yEN